North American Countries in Order of Size - Statistics

General Stats
  • This quiz has been taken 37 times
  • The average score is 6 of 11
Answer Stats
Country % Correct
1 Canada
100%
2 United States
100%
3 Greenland
85%
4 Mexico
85%
5 Nicaragua
62%
7 Guatemala
38%
6 Honduras
38%
8 Panama
35%
10 Belize
31%
9 Costa Rica
31%
11 El Salvador
27%
No matching quizzes found
Score Distribution
Percent of People with Each Score
Percentile by Number Answered
Your Score History
You have not taken this quiz